Структурно-семантичні та стилістичні особливості англійської морської фразеології (Запис № 282613)

МАРК-запис
000 -LEADER
fixed length control field 02301nam a22001577a 4500
041 ## - LANGUAGE CODE
Language code of text/sound track or separate title ukr
080 ## - UNIVERSAL DECIMAL CLASSIFICATION NUMBER
Universal Decimal Classification number 09
090 ## - LOCALLY ASSIGNED LC-TYPE CALL NUMBER (OCLC); LOCAL CALL NUMBER (OCLC)
Local cutter number (OCLC) ; Book number/undivided call number, CALL (RLIN) ТКА
100 ## - MAIN ENTRY--PERSONAL NAME
Personal name Ткачук А. В.
245 ## - TITLE STATEMENT
Title Структурно-семантичні та стилістичні особливості англійської морської фразеології
260 ## - PUBLICATION, DISTRIBUTION, ETC. (IMPRINT)
Place of publication, distribution, etc Острог
Name of publisher, distributor, etc КАФ
Date of publication, distribution, etc 2004
300 ## - PHYSICAL DESCRIPTION
Extent 58
520 ## - SUMMARY, ETC.
Summary, etc Розділ 1. Фразеологія, її обєм, основні поняття.<br/>1.1. Визначення особливостей фразеологічного значення.<br/>1.2. Спроби класифікації фразеологізмів.<br/>1.3. Фразеологічно звязане значення слова (за В. В. Виноградовим).<br/>1.4. Структурно-семантична класифікація фразеологізмів (за А. В. Куніним).<br/>1.5. Уточнення основних визначень фразеології.<br/>1.6. Фразеологічне переосмислення та основні його види.<br/>Розділ 2. Структурно-семантичні особливості морської фразеології.<br/>2.1. Природа термінів, що лежить в основі морських фразеологічних одиниць.<br/>2.2. Лексико-семантична характеристика іменних компонентів морських фразеологічних одиниць.<br/>2.3. Лексико-семантична характеристика дієслівних компонентів морських фразеологізмів.<br/>Розділ 3. Стилістичні особливості функціонування морських фразеологічних одиниць (МФО) в художній прозі.<br/>3.1. Тип оказіональних перетворень фразеологічних одиниць.<br/>3.2. Основні функції морських фразеологічних одиниць в художній літературі.<br/>3.3. Сфери використання морської фразеології.
-- фразеологія, стилістика
650 ## - SUBJECT ADDED ENTRY--TOPICAL TERM
Topical term or geographic name as entry element Research Papers
942 ## - ADDED ENTRY ELEMENTS (KOHA)
Koha item type Книги
Фонди
Withdrawn status Lost status Source of classification or shelving scheme Damaged status Not for loan Home library Current library Date acquired Source of acquisition Coded location qualifier Cost, normal purchase price Total Checkouts Full call number Barcode Date last seen Price effective from Koha item type
    Universal Decimal Classification     ВІЛ - Відділ іноземн. літератури НБ ВІЛ - Відділ іноземн. літератури НБ 08/08/2005 Акт В12 1.00   09 210175 20/12/2021 16/12/2004 Книги